Statistiques concernant Seattle - Culture générale

Cliquez ici pour prendre le quiz!

Statistiques générales

  • Ce quiz a été pris 195 fois
  • Le résultat moyen est 9 sur 15

Statistiques - réponses

InformationRéponse% Correct
État dans lequel se trouve SeattleWashington
90%
Entreprise de commerce en ligne, deuxième "A" de GAFAMAmazon
86%
Groupe de rock connu pour Smells like teen spirit ou Come as you areNirvana
80%
Fondateur de Microsoft qui a lancé son entreprise iciBill Gates
78%
Série médicale qui conte les aventures de Meredith GreyGrey's Anatomy
77%
Grande ville canadienne à pareille distance au nordVancouver
76%
Entreprise spécialisée dans le café crée à SeattleStarbucks
73%
Guitariste et chanteur du groupe décédé ici en 1994Kurt Cobain
72%
Pierre précieuse associée à la ville pour la couleur de ses paysagesEmeraude
63%
Ville d'Oregon à un peu plus de 200km au sudPortland
59%
Tour futuriste "Aiguille de l'espace" en françaisThe Space {Needle}
50%
Compétition sportive pour laquelle la ville possédera une équipe en 2021NHL
25%
Aliment trouvable au Pike Place MarketPoisson
16%
Stratovolcan visible depuis la villeMont {Rainier}
9%
Bras de mer liant le port de Seattle à l'océan{Puget} Sound
5%

Distribution des résultats

Percentile par nombre de réponses

% des personnes avec chaque résultat

Votre développement - résultats

Vous n’avez pas pris ce quiz